2015 FIFA FIFPro World XI - Statistics

General Stats
  • This quiz has been taken 64 times
  • The average score is 10 of 11
Answer Stats
Pos. Club Player % Correct
FW Real Madrid Cristiano Ronaldo
100%
FW Barcelona Lionel Messi
100%
GK Bayern Munich Manuel Neuer
100%
FW Barcelona Neymar
100%
DEF Real Madrid Sergio Ramos
98%
MF Barcelona Andres Iniesta
95%
MF Real Madrid Luka Modric
93%
DEF Paris Saint-Germain Thiago Silva
93%
DEF Barcelona Dani Alves
88%
MF Juventus Paul Pogba
88%
DEF Real Madrid Marcelo
86%
No matching quizzes found
Score Distribution
Percent of People with Each Score
Percentile by Number Answered
Your Score History
You have not taken this quiz